[Event "Titled Tuesday intern op 04th May"]
[Site "Chess.com INT"]
[Date "2021.05.04"]
[Round "7"]
[White "Dovbnia, Nikita"]
[Black "Shankovsky, Andriy"]
[Result "1-0"]
[WhiteElo "1882"]
[BlackElo "2406"]
[PlyCount "73"]
[EventDate "2021.05.04"]
[EventType "swiss (blitz)"]
[EventRounds "11"]
[EventCountry "USA"]
[SourceTitle "CBM 202 Extra"]
[Source "ChessBase"]
[SourceDate "2021.07.31"]
[SourceVersion "1"]
[SourceVersionDate "2021.07.31"]
[SourceQuality "1"]

1. e4 e6 2. d4 d5 3. Nc3 Bb4 4. e5 c5 5. a3 Bxc3+ 6. bxc3 Ne7 7. Qg4 cxd4 8. cxd4 Qc7 9. Bd2 Nf5 10. Bd3 0-0 11. Nf3 Nc6 12. 0-0 Qb6 13. Rfb1 Qc7 14. c3 Bd7 15. Ng5 h6 16. Nf3 Rab8 17. Nh4 Nxh4 18. Qxh4 Qd8 19. Qh5 Qe7 20. a4 a6 21. a5 Bc8 22. Bc1 Bd7 23. Ba3 Qg5 24. Qxg5 hxg5 25. Bxf8 Kxf8 26. Rb6 Na7 27. Bxa6 Bc6 28. Rab1 Nc8 29. Rxc6 bxc6 30. Rxb8 c5 31. Bxc8 Ke7 32. a6 cxd4 33. cxd4 Kd8 34. a7 Kc7 35. a8Q f5 36. Qb7+ Kd8 37. Bxe6# 1-0

[Event "Titled Tuesday intern op 04th May"]
[Site "Chess.com INT"]
[Date "2021.05.04"]
[Round "10"]
[White "Roque Sola, Gisela"]
[Black "Shankovsky, Andriy"]
[Result "1-0"]
[WhiteElo "2046"]
[BlackElo "2406"]
[PlyCount "61"]
[EventDate "2021.05.04"]
[EventType "swiss (blitz)"]
[EventRounds "11"]
[EventCountry "USA"]
[SourceTitle "CBM 202 Extra"]
[Source "ChessBase"]
[SourceDate "2021.07.31"]
[SourceVersion "1"]
[SourceVersionDate "2021.07.31"]
[SourceQuality "1"]

1. c4 e6 2. Nf3 d5 3. b3 Nf6 4. g3 Bc5 5. Bg2 0-0 6. 0-0 Nc6 7. e3 Bd7 8. d4 Be7 9. Nc3 Re8 10. Bb2 a6 11. Ne5 Bf8 12. cxd5 exd5 13. Nxd5 Nxe5 14. dxe5 Nxd5 15. Qxd5 c6 16. Qd2 Qc7 17. Rad1 Rad8 18. Qc2 g6 19. Qc3 Be6 20. Rxd8 Rxd8 21. f4 Bg7 22. e4 Qb6+ 23. Kh1 Bg4 24. f5 gxf5 25. exf5 Be2 26. Re1 Qf2 27. f6 Bh6 28. e6 Bd2 29. exf7+ Kxf7 30. Rxe2 Qxe2 31. Qc4+ 1-0

[Event "Titled Tuesday intern op 04th May"]
[Site "Chess.com INT"]
[Date "2021.05.04"]
[Round "1"]
[White "Shankovsky, Andriy"]
[Black "Diaz Camallonga, Carles"]
[Result "0-1"]
[WhiteElo "2406"]
[BlackElo "2463"]
[PlyCount "64"]
[EventDate "2021.05.04"]
[EventType "swiss (blitz)"]
[EventRounds "11"]
[EventCountry "USA"]
[SourceTitle "CBM 202 Extra"]
[Source "ChessBase"]
[SourceDate "2021.07.31"]
[SourceVersion "1"]
[SourceVersionDate "2021.07.31"]
[SourceQuality "1"]

1. e4 e6 2. d4 d5 3. exd5 exd5 4. Bd3 Nc6 5. Nf3 Bd6 6. 0-0 Nge7 7. Nc3 Bg4 8. h3 Bxf3 9. Qxf3 Nxd4 10. Qg4 Ne6 11. Bf5 Nxf5 12. Qxf5 c6 13. Re1 Qd7 14. Bg5 0-0 15. Rad1 g6 16. Qf6 Nxg5 17. Qxg5 Rfe8 18. Rxe8+ Rxe8 19. Nb1 Qe6 20. Nd2 Qe2 21. Rc1 Bc5 22. Qf4 Re5 23. Nb3 Rf5 24. Qb8+ Kg7 25. Nxc5 Qxf2+ 26. Kh1 Qxc5 27. Qg3 Qd4 28. c3 Qf4 29. Qd3 Qxc1+ 30. Kh2 Qf4+ 31. Kg1 Qe4 32. Kh2 Qxd3 0-1

[Event "Titled Tuesday intern op 04th May"]
[Site "Chess.com INT"]
[Date "2021.05.04"]
[Round "8"]
[White "Shankovsky, Andriy"]
[Black "Donatti, Alvaro"]
[Result "0-1"]
[WhiteElo "2406"]
[BlackElo "2193"]
[PlyCount "56"]
[EventDate "2021.05.04"]
[EventType "swiss (blitz)"]
[EventRounds "11"]
[EventCountry "USA"]
[SourceTitle "CBM 202 Extra"]
[Source "ChessBase"]
[SourceDate "2021.07.31"]
[SourceVersion "1"]
[SourceVersionDate "2021.07.31"]
[SourceQuality "1"]

1. e4 c5 2. Nf3 e6 3. d4 cxd4 4. Nxd4 Bc5 5. Bc4 Qb6 6. c3 Nc6 7. 0-0 Nxd4 8. cxd4 Bxd4 9. Nc3 a6 10. Qg4 Ne7 11. Rd1 Bxf2+ 12. Kh1 0-0 13. Bh6 Ng6 14. Bd2 d5 15. Qe2 dxc4 16. Qxc4 Bd7 17. Bf4 Bc6 18. Na4 Bxa4 19. Qxa4 Nxf4 20. e5 Ng6 21. Rf1 Bd4 22. Rab1 Bxe5 23. Qc2 Qc7 24. Qd2 Bxh2 25. Rbc1 Qd6 26. Qxd6 Bxd6 27. Rfd1 Rfd8 28. Rc2 Be5 0-1

[Event "Titled Tuesday intern op 19th Jan"]
[Site "Chess.com INT"]
[Date "2021.01.19"]
[Round "2"]
[White "Miroshnik, Ekaterina"]
[Black "Shankovsky, Andriy"]
[Result "1-0"]
[WhiteElo "2118"]
[BlackElo "2406"]
[PlyCount "95"]
[EventDate "2021.01.19"]
[EventType "swiss (blitz)"]
[EventRounds "11"]
[EventCountry "USA"]
[SourceTitle "CBM 200 Extra"]
[Source "ChessBase"]
[SourceDate "2021.03.31"]
[SourceVersion "1"]
[SourceVersionDate "2021.03.31"]
[SourceQuality "1"]

1. d3 e6 2. Nf3 d5 3. Nbd2 Nf6 4. e4 dxe4 5. dxe4 Bb4 6. c3 Bc5 7. Be2 0-0 8. 0-0 Nc6 9. Qc2 e5 10. b4 Bd6 11. a4 a6 12. Nc4 Be6 13. Bg5 Bxc4 14. Bxc4 h6 15. Bh4 Rb8 16. Rfd1 b5 17. axb5 axb5 18. Bb3 Qe7 19. h3 Rfd8 20. Qe2 Ra8 21. Qxb5 Rxa1 22. Rxa1 Nb8 23. Qe2 Nbd7 24. Nd2 Qf8 25. Nc4 Be7 26. Rd1 Nh7 27. Bg3 Bf6 28. Qg4 Qe7 29. Rd3 Ng5 30. h4 Nh7 31. Ne3 Nb6 32. Nf5 Qe8 33. Rxd8 Qxd8 34. Nxh6+ Kh8 35. Nxf7+ Kg8 36. Nxd8+ Kf8 37. Qg6 Ke7 38. Nc6+ Kd6 39. b5 Kc5 40. Qxh7 Kxb5 41. Na7+ Ka6 42. Qg8 Kb7 43. f4 Kxa7 44. fxe5 Bxe5 45. Bxe5 Nc4 46. Bxc4 Kb6 47. Bd4+ Kc6 48. Qd5# 1-0

[Event "Titled Tuesday intern op 19th Jan"]
[Site "Chess.com INT"]
[Date "2021.01.19"]
[Round "3"]
[White "Shankovsky, Andriy"]
[Black "Bogumil, Tatiana"]
[Result "1-0"]
[WhiteElo "2406"]
[BlackElo "2182"]
[PlyCount "57"]
[EventDate "2021.01.19"]
[EventType "swiss (blitz)"]
[EventRounds "11"]
[EventCountry "USA"]
[SourceTitle "CBM 200 Extra"]
[Source "ChessBase"]
[SourceDate "2021.03.31"]
[SourceVersion "1"]
[SourceVersionDate "2021.03.31"]
[SourceQuality "1"]

1. e4 e6 2. d4 d5 3. exd5 exd5 4. Bd3 Nf6 5. Ne2 c5 6. c3 c4 7. Bc2 Be7 8. 0-0 0-0 9. Bf4 Nc6 10. Nd2 Bg4 11. f3 Bh5 12. b3 b5 13. bxc4 bxc4 14. Ba4 Qc8 15. Ng3 Bg6 16. Bc2 Nh5 17. Nxh5 Bxh5 18. Re1 Ba3 19. Nf1 Bg6 20. Bxg6 hxg6 21. Bc1 Bd6 22. a4 a5 23. Be3 Qc7 24. Bf2 Rfe8 25. Qd2 Bf4 26. Qc2 Rad8 27. Bg3 Bxg3 28. Nxg3 Qf4 29. Qc1 1-0

[Event "Titled Tuesday intern op 19th Jan"]
[Site "Chess.com INT"]
[Date "2021.01.19"]
[Round "6"]
[White "Shankovsky, Andriy"]
[Black "Janaszak, Dawid"]
[Result "0-1"]
[WhiteElo "2406"]
[BlackElo "2348"]
[PlyCount "72"]
[EventDate "2021.01.19"]
[EventType "swiss (blitz)"]
[EventRounds "11"]
[EventCountry "USA"]
[SourceTitle "CBM 200 Extra"]
[Source "ChessBase"]
[SourceDate "2021.03.31"]
[SourceVersion "1"]
[SourceVersionDate "2021.03.31"]
[SourceQuality "1"]

1. e4 c5 2. Nf3 Nc6 3. d4 cxd4 4. Nxd4 g6 5. Bb5 Bg7 6. Nxc6 bxc6 7. Bc4 Nf6 8. Nc3 0-0 9. 0-0 d6 10. Qe2 a5 11. Rd1 Qb6 12. Na4 Qc7 13. Qf3 Bg4 14. Qd3 Bxd1 15. Qxd1 Nxe4 16. Qe2 d5 17. Bd3 Nf6 18. g3 Rfe8 19. c4 e5 20. cxd5 Nxd5 21. Bg5 h6 22. Bd2 e4 23. Bc2 Nb4 24. Bxb4 axb4 25. Rb1 e3 26. fxe3 Qa7 27. b3 Rxe3 28. Qf2 Bd4 29. Kg2 Rxb3 30. Qd2 Rxb1 31. Bxb1 c5 32. Bc2 Qe7 33. Nb6 Re8 34. Nd5 Qe2+ 35. Qxe2 Rxe2+ 36. Kf3 Rxc2 0-1

[Event "Titled Tuesday intern op 12th Jan"]
[Site "Chess.com INT"]
[Date "2021.01.12"]
[Round "11"]
[White "Bogumil, Tatiana"]
[Black "Shankovsky, Andriy"]
[Result "0-1"]
[WhiteElo "2182"]
[BlackElo "2406"]
[PlyCount "80"]
[EventDate "2021.01.12"]
[EventType "swiss (blitz)"]
[EventRounds "11"]
[EventCountry "USA"]
[SourceTitle "CBM 200 Extra"]
[Source "ChessBase"]
[SourceDate "2021.03.31"]
[SourceVersion "1"]
[SourceVersionDate "2021.03.31"]
[SourceQuality "1"]

1. Nf3 e6 2. c4 d5 3. b3 Nf6 4. Bb2 Be7 5. g3 0-0 6. Bg2 Nc6 7. 0-0 Bd7 8. d4 dxc4 9. bxc4 Na5 10. Qd3 c6 11. Ne5 Qc7 12. Nxd7 Qxd7 13. Nc3 Qc7 14. e4 Rad8 15. Rad1 c5 16. d5 exd5 17. exd5 Qb6 18. Ba3 Qa6 19. Nb5 Qb6 20. Rb1 a6 21. Nc3 Qc7 22. Ne4 Nxe4 23. Bxe4 h6 24. Bb2 Qd6 25. Qc3 Bf6 26. Qxa5 Bxb2 27. Rxb2 Qe5 28. Bg2 Qxb2 29. Qc7 Qxa2 30. Qxc5 Rc8 31. Qb6 Qxc4 32. Qxb7 Rb8 33. Qe7 Ra8 34. d6 Rad8 35. d7 Qb5 36. Rd1 Qa4 37. Qd6 Qb5 38. Bc6 Qe2 39. Bb7 a5 40. Bc8 a4 0-1

[Event "Titled Tuesday intern op 12th Jan"]
[Site "Chess.com INT"]
[Date "2021.01.12"]
[Round "9"]
[White "Necula, Iulian"]
[Black "Shankovsky, Andriy"]
[Result "1-0"]
[WhiteElo "1890"]
[BlackElo "2406"]
[PlyCount "133"]
[EventDate "2021.01.12"]
[EventType "swiss (blitz)"]
[EventRounds "11"]
[EventCountry "USA"]
[SourceTitle "CBM 200 Extra"]
[Source "ChessBase"]
[SourceDate "2021.03.31"]
[SourceVersion "1"]
[SourceVersionDate "2021.03.31"]
[SourceQuality "1"]

1. f4 e6 2. Nf3 d5 3. g3 c5 4. Bg2 Nf6 5. 0-0 Nc6 6. d3 Bd6 7. c3 0-0 8. Qc2 Bd7 9. e4 Qb6 10. e5 c4+ 11. d4 Ne4 12. exd6 Nxd6 13. Ne5 Nxe5 14. fxe5 Nf5 15. Qf2 f6 16. g4 Ne7 17. exf6 Rxf6 18. Qe3 Rxf1+ 19. Bxf1 Rf8 20. Nd2 Qd8 21. Nf3 Qe8 22. Ne5 Nc6 23. Bd2 Nxe5 24. Qxe5 Qg6 25. h3 Qc2 26. Qe1 b6 27. b3 cxb3 28. axb3 a5 29. b4 axb4 30. cxb4 Qb3 31. Rb1 Qf3 32. Qe2 Qg3+ 33. Qg2 Qh4 34. Re1 Rf6 35. b5 Rf7 36. Re2 Bxb5 37. Rf2 Bxf1 38. Kxf1 Rxf2+ 39. Qxf2 Qxh3+ 40. Ke2 Qxg4+ 41. Qf3 Qxf3+ 42. Kxf3 Kf7 43. Kf4 Kg6 44. Ke5 h5 45. Kxe6 h4 46. Kxd5 h3 47. Bf4 Kf5 48. Bh2 g5 49. Kc6 g4 50. d5 Kf6 51. d6 Kf7 52. Kd7 Kf6 53. Kc7 b5 54. d7 b4 55. d8Q+ Kf5 56. Qd5+ Kf6 57. Qd4+ Kg5 58. Qxb4 Kh4 59. Qe1+ g3 60. Qxg3+ Kh5 61. Qxh3+ Kg6 62. Qg4+ Kf6 63. Qf4+ Ke7 64. Qe5+ Kf8 65. Qf6+ Kg8 66. Qg6+ Kf8 67. Bd6# 1-0

[Event "Titled Tuesday intern op 12th Jan"]
[Site "Chess.com INT"]
[Date "2021.01.12"]
[Round "1"]
[White "Sevian, Samuel"]
[Black "Shankovsky, Andriy"]
[Result "1-0"]
[WhiteElo "2660"]
[BlackElo "2406"]
[PlyCount "63"]
[EventDate "2021.01.12"]
[EventType "swiss (blitz)"]
[EventRounds "11"]
[EventCountry "USA"]
[SourceTitle "CBM 200 Extra"]
[Source "ChessBase"]
[SourceDate "2021.03.31"]
[SourceVersion "1"]
[SourceVersionDate "2021.03.31"]
[SourceQuality "1"]

1. e4 e6 2. d4 d5 3. Nc3 Bb4 4. e5 c5 5. a3 Bxc3+ 6. bxc3 Ne7 7. h4 Nbc6 8. h5 h6 9. Nf3 c4 10. a4 a6 11. Ba3 Qa5 12. Qd2 Qxa4 13. Be2 Qa5 14. g4 Qc7 15. Bd6 Qd7 16. Rg1 b5 17. Qf4 Bb7 18. Kd2 Nc8 19. Bc5 N6e7 20. g5 hxg5 21. Rxg5 Nf5 22. Rag1 Nce7 23. Rxg7 Nxg7 24. Rxg7 a5 25. Qxf7+ Kd8 26. Qxe7+ Qxe7 27. Bxe7+ Kc8 28. Bd6 Ba6 29. Ng5 a4 30. Rc7+ Kd8 31. Nxe6+ Ke8 32. Re7# 1-0

[Event "Titled Tuesday intern op 12th Jan"]
[Site "Chess.com INT"]
[Date "2021.01.12"]
[Round "2"]
[White "Shankovsky, Andriy"]
[Black "Sarkar, Justin"]
[Result "0-1"]
[WhiteElo "2406"]
[BlackElo "2366"]
[PlyCount "66"]
[EventDate "2021.01.12"]
[EventType "swiss (blitz)"]
[EventRounds "11"]
[EventCountry "USA"]
[SourceTitle "CBM 200 Extra"]
[Source "ChessBase"]
[SourceDate "2021.03.31"]
[SourceVersion "1"]
[SourceVersionDate "2021.03.31"]
[SourceQuality "1"]

1. e4 e5 2. Nf3 Nc6 3. d4 exd4 4. Nxd4 Qf6 5. Be3 Bc5 6. Nb5 Bxe3 7. fxe3 Qh4+ 8. g3 Qd8 9. Qg4 g6 10. Qf4 d6 11. Bc4 Ne5 12. 0-0 Bh3 13. Rf2 Qe7 14. N1c3 c6 15. Nxd6+ Qxd6 16. Bxf7+ Ke7 17. Bxg8 Rhxg8 18. Rd1 Qe6 19. Qh4+ Ke8 20. Rf6 Qe7 21. Rf4 Qxh4 22. Rxh4 Nf3+ 23. Kf2 Nxh4 24. gxh4 Rd8 25. Rg1 Rf8+ 26. Kg3 Be6 27. h3 Ke7 28. Kh2 Rd2+ 29. Kh1 Rff2 30. Re1 Rh2+ 31. Kg1 Rdg2+ 32. Kf1 Bxh3 33. Re2 Rh1# 0-1

[Event "Titled Tuesday intern op 06th Oct"]
[Site "Chess.com INT"]
[Date "2020.10.06"]
[Round "6"]
[White "Okike, David"]
[Black "Shankovsky, Andriy"]
[Result "0-1"]
[WhiteElo "2177"]
[BlackElo "2406"]
[PlyCount "100"]
[EventDate "2020.10.06"]
[EventType "swiss (blitz)"]
[EventRounds "10"]
[EventCountry "USA"]
[SourceTitle "CBM 198 Extra"]
[Source "ChessBase"]
[SourceDate "2020.11.30"]
[SourceVersion "1"]
[SourceVersionDate "2020.11.30"]
[SourceQuality "1"]

1. e4 e6 2. d4 d5 3. Nc3 Bb4 4. e5 c5 5. a3 Bxc3+ 6. bxc3 Ne7 7. Qg4 cxd4 8. Qxg7 Rg8 9. Qxh7 Qc7 10. Ne2 Nbc6 11. f4 dxc3 12. Qd3 Bd7 13. Qxc3 0-0-0 14. Rb1 d4 15. Qc4 Nf5 16. Bd2 Kb8 17. g3 Rc8 18. Bg2 Qd8 19. Qd3 Rc7 20. Be4 Bc8 21. Kf2 f6 22. exf6 Qxf6 23. Bxf5 exf5 24. Rhe1 Be6 25. Rb5 Rh7 26. h4 a6 27. Rc5 Bc8 28. Rg1 Qd6 29. Rxf5 Bxf5 30. Qxf5 Re7 31. Qd3 Rge8 32. Re1 Qd7 33. Ng1 Rxe1 34. Bxe1 Qg4 35. Nf3 Re3 36. Qd1 Qh3 37. Bd2 Re8 38. Qf1 Qf5 39. Qd3 Qh3 40. Qf1 Qe6 41. Ng5 Qa2 42. Qd3 Qb1 43. h5 Qh1 44. Nf3 Qxh5 45. f5 Qg4 46. Bf4+ Ka8 47. f6 Qe6 48. Qg6 Rg8 49. Qh6 Rf8 50. Bg5 d3 0-1

[Event "Titled Tuesday intern op 01st Sept"]
[Site "Chess.com INT"]
[Date "2020.09.01"]
[Round "6"]
[White "Degenbaev, Aziz"]
[Black "Shankovsky, Andriy"]
[Result "0-1"]
[WhiteElo "1816"]
[BlackElo "2406"]
[PlyCount "56"]
[EventDate "2020.09.01"]
[EventType "swiss (blitz)"]
[EventRounds "10"]
[EventCountry "USA"]
[SourceTitle "CBM 198 Extra"]
[Source "ChessBase"]
[SourceDate "2020.11.30"]
[SourceVersion "1"]
[SourceVersionDate "2020.11.30"]
[SourceQuality "1"]

1. c4 e6 2. Nc3 d5 3. d4 f5 4. g3 c6 5. Bg2 Nf6 6. Nf3 Bd6 7. 0-0 0-0 8. Bf4 Ne4 9. Ne5 Qe7 10. Qc2 Nd7 11. Nxd7 Bxd7 12. Bxd6 Qxd6 13. Rad1 Rae8 14. f4 Re7 15. a3 Nxc3 16. Qxc3 Be8 17. b4 Bh5 18. Rd2 h6 19. Rc1 g5 20. e3 Rg7 21. cxd5 exd5 22. Qc5 Qe6 23. Kf2 Re8 24. Rc3 gxf4 25. gxf4 Kh7 26. b5 Rxg2+ 27. Kxg2 Rg8+ 28. Kf2 Qe4 0-1

[Event "Titled Tuesday intern op 01st Sept"]
[Site "Chess.com INT"]
[Date "2020.09.01"]
[Round "2"]
[White "Nesterov, Arseniy"]
[Black "Shankovsky, Andriy"]
[Result "1-0"]
[WhiteElo "2517"]
[BlackElo "2406"]
[PlyCount "85"]
[EventDate "2020.09.01"]
[EventType "swiss (blitz)"]
[EventRounds "10"]
[EventCountry "USA"]
[SourceTitle "CBM 198 Extra"]
[Source "ChessBase"]
[SourceDate "2020.11.30"]
[SourceVersion "1"]
[SourceVersionDate "2020.11.30"]
[SourceQuality "1"]

1. d4 e6 2. c4 d5 3. Nf3 f5 4. g3 c6 5. Bg2 Nf6 6. 0-0 Bd6 7. Nbd2 0-0 8. Ne5 Nbd7 9. Nd3 b6 10. Qc2 Bb7 11. b4 c5 12. bxc5 bxc5 13. Rb1 Qc7 14. Ba3 Ne4 15. cxd5 Bxd5 16. Nxe4 Bxe4 17. Bxe4 fxe4 18. Nxc5 Nxc5 19. Bxc5 Rac8 20. Qxe4 Bxc5 21. dxc5 Qxc5 22. Qxe6+ Kh8 23. e3 Qc2 24. Qb3 Qe2 25. Rbe1 Qd2 26. Rd1 Qe2 27. Rd7 Rc1 28. Rdd1 Rcc8 29. Qa4 h6 30. h4 Rc2 31. a3 Rc7 32. Qa5 Rc2 33. Qxa7 Qf3 34. e4 Qxe4 35. Qd4 Qf3 36. a4 Ra2 37. Ra1 Re2 38. a5 Re6 39. a6 Rg6 40. Kh2 Kh7 41. a7 Rg4 42. Qe3 Qd5 43. Rfd1 1-0

[Event "Titled Tuesday intern op 01st Sept"]
[Site "Chess.com INT"]
[Date "2020.09.01"]
[Round "9"]
[White "Shankovsky, Andriy"]
[Black "Barrionuevo, Pablo"]
[Result "1-0"]
[WhiteElo "2406"]
[BlackElo "2259"]
[PlyCount "81"]
[EventDate "2020.09.01"]
[EventType "swiss (blitz)"]
[EventRounds "10"]
[EventCountry "USA"]
[SourceTitle "CBM 198 Extra"]
[Source "ChessBase"]
[SourceDate "2020.11.30"]
[SourceVersion "1"]
[SourceVersionDate "2020.11.30"]
[SourceQuality "1"]

1. e4 c5 2. Nf3 Nc6 3. Bb5 g6 4. Bxc6 dxc6 5. d3 Nf6 6. Nc3 Nd7 7. Be3 e5 8. Qd2 Qe7 9. a4 a5 10. 0-0 Bg7 11. Bh6 0-0 12. h3 Rd8 13. Bxg7 Kxg7 14. Nh2 c4 15. dxc4 Nb6 16. Qe2 Qb4 17. c5 Qxc5 18. Kh1 Be6 19. Qf3 Nc4 20. Ng4 h5 21. Qf6+ Kh7 22. Ne3 Nxb2 23. Ne2 Nc4 24. Ng3 Nxe3 25. fxe3 Qxe3 26. Rf3 Qd4 27. Raf1 Bc4 28. R1f2 Qd6 29. Qg5 Rd7 30. Nxh5 gxh5 31. Rf6 Qf8 32. Qxh5+ Kg8 33. R2f5 Qg7 34. Rg5 Rad8 35. Rxg7+ Kxg7 36. Qxe5 Rd1+ 37. Kh2 Kg8 38. Qg5+ Kf8 39. Rh6 Ke8 40. Rh8+ Kd7 41. Rxd8+ 1-0

[Event "Titled Tuesday intern op 26th May"]
[Site "Chess.com INT"]
[Date "2020.05.26"]
[Round "4"]
[White "Shankovsky, Andriy"]
[Black "Abdulla, Khayala Mardan Qizi"]
[Result "1-0"]
[WhiteElo "2406"]
[BlackElo "2263"]
[PlyCount "53"]
[EventDate "2020.05.26"]
[EventType "swiss (blitz)"]
[EventRounds "10"]
[EventCountry "USA"]
[SourceTitle "CBM 196 Extra"]
[Source "ChessBase"]
[SourceDate "2020.07.31"]
[SourceVersion "1"]
[SourceVersionDate "2020.07.31"]
[SourceQuality "1"]

1. e4 c5 2. Nf3 e6 3. c3 d5 4. exd5 exd5 5. d4 Nc6 6. Bb5 Bd6 7. dxc5 Bxc5 8. 0-0 Nge7 9. Nbd2 0-0 10. Nb3 Bb6 11. h3 Qd6 12. Nbd4 Ng6 13. Re1 Nf4 14. Bxf4 Qxf4 15. Nxc6 bxc6 16. Bxc6 Bxh3 17. gxh3 Qg3+ 18. Kh1 Qxh3+ 19. Nh2 Bc7 20. f4 Bxf4 21. Re2 Rad8 22. Qf1 Qh6 23. Bb5 Rd6 24. Bd3 Rf6 25. Qg2 Rb8 26. Rf1 g5 27. Kg1 1-0

[Event "Oberliga Ost-B 1920"]
[Site "Germany"]
[Date "2020.02.29"]
[Round "8.8"]
[White "Flach, Erich"]
[Black "Shankovsky, Andriy"]
[Result "0-1"]
[WhiteElo "2073"]
[BlackElo "2404"]
[PlyCount "70"]
[EventDate "2019.09.29"]
[EventType "team-tourn"]
[EventRounds "11"]
[EventCountry "GER"]
[SourceTitle "EXT 2023"]
[Source "ChessBase"]
[SourceDate "2022.10.05"]
[SourceVersion "1"]
[SourceVersionDate "2022.10.05"]
[SourceQuality "1"]
[WhiteTeam "Griesheim"]
[BlackTeam "Bad Emstal/Wolfhagen"]
[WhiteTeamCountry "GER"]
[BlackTeamCountry "GER"]

1. c4 e5 2. g3 Nc6 3. Nc3 g6 4. Bg2 Bg7 5. e3 d6 6. d3 Nge7 7. Nge2 Be6 8. Nd5 Qd7 9. Rb1 Rc8 10. b4 0-0 11. 0-0 Bg4 12. b5 Nd8 13. Nxe7+ Qxe7 14. h3 Bd7 15. Nc3 c6 16. bxc6 bxc6 17. Bd2 Ne6 18. Qe2 Rb8 19. Rfc1 f5 20. Rxb8 Rxb8 21. Rb1 Rxb1+ 22. Nxb1 Qd8 23. Bc3 Qb6 24. Qb2 Nc5 25. Qxb6 axb6 26. d4 Na4 27. Ba1 Kf7 28. Nd2 exd4 29. exd4 Ke7 30. Kf1 c5 31. Nb3 Be6 32. dxc5 Bxc4+ 33. Ke1 Bxa1 34. cxb6 Bc3+ 35. Kd1 Nxb6 0-1

[Event "Mukachevo Rating 38th"]
[Site "Mukachevo"]
[Date "2019.05.13"]
[Round "7"]
[White "Shankovsky, Andriy"]
[Black "Itkis, Boris"]
[Result "1-0"]
[WhiteElo "2374"]
[BlackElo "2327"]
[PlyCount "105"]
[EventDate "2019.05.09"]
[EventType "tourn"]
[EventRounds "9"]
[EventCountry "UKR"]
[EventCategory "2"]
[SourceTitle "CBM 190 Extra"]
[Source "ChessBase"]
[SourceDate "2019.07.15"]
[SourceVersion "1"]
[SourceVersionDate "2019.07.15"]
[SourceQuality "1"]

1. e4 d6 2. d4 Nf6 3. Nc3 g6 4. Bg5 Bg7 5. Qd2 h6 6. Bf4 g5 7. Bg3 Nh5 8. Nge2 e6 9. 0-0-0 Nd7 10. f4 Nxg3 11. Nxg3 gxf4 12. Nh5 Bf6 13. Kb1 Bg5 14. Qf2 Nf6 15. Be2 Nxh5 16. Bxh5 Rh7 17. h4 Bf6 18. Qxf4 e5 19. dxe5 Bxe5 20. Qf3 c6 21. Ne2 Be6 22. Nd4 Bxd4 23. Rxd4 Qa5 24. b3 0-0-0 25. Ra4 Qc5 26. Bg4 Kb8 27. Rd1 Qe5 28. Bf5 Rhh8 29. Rad4 Rhg8 30. g4 Kc7 31. R4d2 Rge8 32. Bxe6 Qxe6 33. Rf1 Rd7 34. Re2 Rg8 35. Rg1 Re7 36. Qf4 f5 37. g5 fxe4 38. Rg4 hxg5 39. hxg5 Rg6 40. Qg3 e3 41. Qh4 Qf5 42. Kb2 Qe5+ 43. c3 Qf5 44. Rg3 Qd3 45. Qg4 Re5 46. Qf3 Kb6 47. Rg4 Rgxg5 48. Rb4+ Ka6 49. Ra4+ Kb6 50. Rb4+ Ka6 51. Rd4 Rgf5 52. Qg4 Qxe2+ 53. Qxe2+ 1-0

[Event "Mukachevo Rating 38th"]
[Site "Mukachevo"]
[Date "2019.05.11"]
[Round "5"]
[White "Shankovsky, Andriy"]
[Black "Vachylya, Andriy"]
[Result "1-0"]
[WhiteElo "2374"]
[BlackElo "2285"]
[PlyCount "101"]
[EventDate "2019.05.09"]
[EventType "tourn"]
[EventRounds "9"]
[EventCountry "UKR"]
[EventCategory "2"]
[SourceTitle "CBM 190 Extra"]
[Source "ChessBase"]
[SourceDate "2019.07.15"]
[SourceVersion "1"]
[SourceVersionDate "2019.07.15"]
[SourceQuality "1"]

1. c4 Nf6 2. Nf3 g6 3. g3 Bg7 4. Bg2 0-0 5. 0-0 c6 6. d4 d5 7. b3 dxc4 8. bxc4 c5 9. e3 Nc6 10. Bb2 Qb6 11. Qb3 Qa6 12. Nbd2 Bf5 13. Ne5 Rab8 14. e4 Bd7 15. Nd3 b6 16. e5 Ng4 17. h3 Nh6 18. d5 Nd4 19. Bxd4 cxd4 20. Nf3 f6 21. Rfe1 Ba4 22. Qa3 Bb5 23. Qxa6 Bxa6 24. Rac1 fxe5 25. Nfxe5 Rbe8 26. Nd7 Rf7 27. N3e5 Rf5 28. g4 Rf4 29. Nd3 Rf7 30. N7e5 Rff8 31. Nc6 Bf6 32. Nde5 Bc8 33. Nxd4 Nf7 34. Nec6 Nd8 35. Rc2 Nxc6 36. Nxc6 a6 37. Rce2 Kf7 38. Ne5+ Kg7 39. Rb2 b5 40. cxb5 axb5 41. Rxb5 h5 42. Rb4 hxg4 43. hxg4 Rd8 44. f4 e6 45. dxe6 Bxe6 46. Rb7+ Kg8 47. Nxg6 Rfe8 48. Bc6 Rd2 49. Rb4 Red8 50. Rxe6 Kg7 51. Rb7+ 1-0

[Event "Mukachevo Rating 37th"]
[Site "Mukachevo"]
[Date "2019.03.14"]
[Round "4"]
[White "Vanczak, Tamas"]
[Black "Shankovsky, Andriy"]
[Result "1/2-1/2"]
[WhiteElo "2263"]
[BlackElo "2347"]
[PlyCount "181"]
[EventDate "2019.03.12"]
[EventType "tourn"]
[EventRounds "9"]
[EventCountry "UKR"]
[EventCategory "2"]
[SourceTitle "CBM 189 Extra"]
[Source "ChessBase"]
[SourceDate "2019.05.31"]
[SourceVersion "1"]
[SourceVersionDate "2019.05.31"]
[SourceQuality "1"]

1. d4 d5 2. Bf4 Nf6 3. e3 c5 4. c3 Qb6 5. Qb3 c4 6. Qc2 g6 7. Nd2 Bf5 8. Qc1 Nc6 9. Ngf3 Bg7 10. h3 0-0 11. Be2 Rfe8 12. 0-0 Nd7 13. e4 dxe4 14. Nxc4 exf3 15. Nxb6 fxe2 16. Nxa8 exf1Q+ 17. Qxf1 Rxa8 18. d5 Nce5 19. Rd1 h5 20. Bg5 f6 21. Be3 Nf7 22. Qe2 h4 23. c4 b6 24. b4 Rc8 25. c5 Rc7 26. c6 Nf8 27. Bf4 Ne5 28. b5 g5 29. Bxe5 fxe5 30. Qd2 Bf6 31. a4 e4 32. d6 exd6 33. Qxd6 Rf7 34. Qb8 Be7 35. c7 Bc5 36. c8Q Bxc8 37. Qxc8 Bxf2+ 38. Kf1 Bg3+ 39. Ke2 Bf4 40. Rd8 e3 41. Re8 Kg7 42. Qc3+ Kg6 43. Qh8 Nd7 44. Rg8+ Kf5 45. Rg7 Rxg7 46. Qxg7 Ke6 47. Qg8+ Kd6 48. Qa8 Nf6 49. Qb8+ Ke6 50. Qxa7 Nd5 51. Qb7 Bc7 52. Qc8+ Ke5 53. Kd3 Bd6 54. Qh8+ Kf5 55. Qh7+ Ke6 56. Qg8+ Ke5 57. Qxg5+ Ke6 58. Qg6+ Nf6 59. Kxe3 Bg3 60. Kf3 Ke5 61. Qg7 Ke6 62. Qb7 Nd7 63. Qc6+ Ke7 64. Ke4 Nf6+ 65. Kf5 Nd7 66. Qb7 Kd6 67. a5 bxa5 68. Qa6+ Ke7 69. b6 Kd6 70. Qxa5 Kc6 71. Qa4+ Kd6 72. Qb5 Nb8 73. Ke4 Nd7 74. Qd5+ Ke7 75. Qc6 Bf2 76. b7 Bg3 77. Kf5 Nb8 78. Qe6+ Kd8 79. Qc8+ Ke7 80. Ke4 Nd7 81. Kd5 Nb8 82. Qe6+ Kd8 83. Qg8+ Kc7 84. Qg7+ Kb6 85. Qxg3 hxg3 86. h4 Kxb7 87. Ke6 Kc7 88. h5 Kd8 89. h6 Nd7 90. Kf5 Nf8 91. Kg4 1/2-1/2